Statistical Analysis and Optimization for VLSI: Timing and Power

Statistical Analysis and Optimization for VLSI: Timing and Power is the first book summarizing the state-of-the-art in the newly emerging field of statistical computer-aided design (CAD) tools. The very latest research in statistical timing and power analysis techniques is included, along with effor...

Full description

Bibliographic Details
Main Authors: Srivastava, Ashish (Author), Sylvester, Dennis (Author), Blaauw, David (Author)
Corporate Author: SpringerLink (Online service)
Format: Electronic eBook
Language:English
Published: Boston, MA : Springer US, 2005.
Series:Series on Integrated Circuits and Systems
Subjects:
Online Access:Full Text via HEAL-Link
LEADER 02581nam a22004935i 4500
001 978-0-387-26528-5
003 DE-He213
005 20151029221007.0
007 cr nn 008mamaa
008 100301s2005 xxu| s |||| 0|eng d
020 |a 9780387265285  |9 978-0-387-26528-5 
024 7 |a 10.1007/b137645  |2 doi 
040 |d GrThAP 
050 4 |a TK7888.4 
072 7 |a TJFC  |2 bicssc 
072 7 |a TEC008010  |2 bisacsh 
082 0 4 |a 621.3815  |2 23 
100 1 |a Srivastava, Ashish.  |e author. 
245 1 0 |a Statistical Analysis and Optimization for VLSI: Timing and Power  |h [electronic resource] /  |c by Ashish Srivastava, Dennis Sylvester, David Blaauw. 
264 1 |a Boston, MA :  |b Springer US,  |c 2005. 
300 |a X, 280 p. 105 illus.  |b online resource. 
336 |a text  |b txt  |2 rdacontent 
337 |a computer  |b c  |2 rdamedia 
338 |a online resource  |b cr  |2 rdacarrier 
347 |a text file  |b PDF  |2 rda 
490 1 |a Series on Integrated Circuits and Systems 
505 0 |a Statistical Models and Techniques -- Statistical Timing Analysis -- Statistical Power Analysis -- Yield Analysis -- Statistical Optimization Techniques. 
520 |a Statistical Analysis and Optimization for VLSI: Timing and Power is the first book summarizing the state-of-the-art in the newly emerging field of statistical computer-aided design (CAD) tools. The very latest research in statistical timing and power analysis techniques is included, along with efforts to incorporate parametric yield as the key objective function during the design process. The emphasis is on algorithms, modeling approaches for process variability, and statistical techniques that are the cornerstone of the probabilistic CAD movement. Statistical Analysis and Optimization for VLSI: Timing and Power will allow new researchers in this area to come up to speed quickly, as well as provide a handy reference for those already working in CAD tool development. 
650 0 |a Engineering. 
650 0 |a Electronics. 
650 0 |a Microelectronics. 
650 0 |a Electronic circuits. 
650 1 4 |a Engineering. 
650 2 4 |a Circuits and Systems. 
650 2 4 |a Electronics and Microelectronics, Instrumentation. 
700 1 |a Sylvester, Dennis.  |e author. 
700 1 |a Blaauw, David.  |e author. 
710 2 |a SpringerLink (Online service) 
773 0 |t Springer eBooks 
776 0 8 |i Printed edition:  |z 9780387257389 
830 0 |a Series on Integrated Circuits and Systems 
856 4 0 |u http://dx.doi.org/10.1007/b137645  |z Full Text via HEAL-Link 
912 |a ZDB-2-ENG 
950 |a Engineering (Springer-11647)